[Event "Frome Open 2019"]
[Site "Frome ENG"]
[Date "2019.05.18" ]
[Round "3"]
[White "Waddington, Mike P"]
[WhiteFideId "410497"]
[Black "Duggan, Michael FG"]
[BlackFideId "406600"]
[Result "1-0"]
[WhiteElo "2002"]
[BlackElo "2026"]
[PlyCount "0"]
[EventDate "2019.05.17"]
[SourceDate ""]

1. Nc3 d5 2. e4 dxe4 3. Nxe4 Bf5 4. Qf3 Qd5 5. Nd6+ Qxd6 6. Qxf5 Nd7 7. Nf3 g6
8. Qb5 Rb8 9. d4 Bg7 10. Be3 Ngf6 11. O-O-O Ng4 12. Bc4 O-O 13. h4 h5 14. Ng5
e6 15. Ne4 Qc6 16. Qxc6 bxc6 17. Bb3 Nb6 18. Bg5 Nd5 19. f3 Ngf6 20. Nxf6+ Nxf6
21. Rhe1 Nd7 22. Bf4 Rfc8 23. c3 a5 24. Bc4 Ra8 25. g4 hxg4 26. fxg4 c5 27.
dxc5 Nxc5 28. h5 gxh5 29. gxh5 a4 30. Rg1 Kh7 31. h6 Bf8 32. Bg5 Ra5 33. Rdf1
f5 34. Rd1 Bd6 35. Be3 f4 36. Bf2 Ne4 37. Bd3 Re5 38. Bd4 1-0

[Event "Frome Open 2019"]
[Site "Frome ENG"]
[Date "2019.05.18" ]
[Round "3"]
[White "Anderson, Peter W"]
[WhiteFideId "420107"]
[Black "Headlong, Timothy"]
[BlackFideId "404098"]
[Result "1/2-1/2"]
[WhiteElo "1968"]
[BlackElo "2135"]
[PlyCount "0"]
[EventDate "2019.05.17"]
[SourceDate ""]

1. d4 d5 2. c4 e6 3. Nc3 c5 4. cxd5 exd5 5. Nf3 Nc6 6. g3 Nf6 7. Bg2 Be7 8. O-O
O-O 9. Bg5 c4 10. Ne5 Be6 11. Nxc6 bxc6 12. b3 Qa5 13. Na4 Rfd8 14. Bd2 Qa6 15.
bxc4 Qxc4 16. Bf4 Bg4 17. Re1 Bb4 18. h3 Bf5 19. Rc1 Qxa2 20. Nc3 Qb2 21. Na4
Qa2 22. Nc3 Qb2 23. Na4 1/2-1/2

[Event "Frome Open 2019"]
[Site "Frome ENG"]
[Date "2019.05.18" ]
[Round "3"]
[White "Littleton, Mark"]
[WhiteFideId "431214"]
[Black "Makkar, Rajat"]
[BlackFideId "36016810"]
[Result "0-1"]
[WhiteElo "1940"]
[BlackElo "2128"]
[PlyCount "0"]
[EventDate "2019.05.17"]
[SourceDate ""]

1. d4 Nf6 2. Nf3 e6 3. Bg5 h6 4. Bh4 c5 5. e3 b6 6. c3 Bb7 7. Bd3 g5 8. Bg3 g4
9. Nh4 Nc6 10. Nd2 d5 11. O-O Bd6 12. Bxd6 Qxd6 13. dxc5 bxc5 14. Qe2 Ne5 15.
Bb5+ Ke7 16. Ba4 Ba6 17. Bb5 Bxb5 18. Qxb5 Rhb8 19. Qa4 Rxb2 20. Rad1 Qc6 21.
Qf4 Ned7 22. Qxh6 Rxa2 23. Rfe1 Rb8 24. e4 dxe4 25. Nc4 Rg8 26. Nd6 Ra6 27. Qf4
Qxd6 28. Rxd6 Rxd6 29. c4 a6 30. Kf1 Rd4 31. Ra1 Rxc4 32. Rxa6 Rb8 33. Qd6+ Ke8
34. Ra1 Rd4 35. Qc6 Ke7 36. h3 Rh8 37. g3 gxh3 0-1

[Event "Frome Open 2019"]
[Site "Frome ENG"]
[Date "2019.05.18" ]
[Round "3"]
[White "Hollands, George E"]
[WhiteFideId "431273"]
[Black "Garcia, Oscar"]
[BlackFideId "2256380"]
[Result "0-1"]
[WhiteElo "1830"]
[BlackElo "2077"]
[PlyCount "0"]
[EventDate "2019.05.17"]
[SourceDate ""]

1. d4 Nf6 2. c4 e6 3. g3 c5 4. d5 exd5 5. cxd5 d6 6. Bg2 g6 7. Nc3 Bg7 8. Nf3
O-O 9. O-O a6 10. a4 Re8 11. Bf4 Ne4 12. Nxe4 Rxe4 13. Nd2 Rb4 14. Ne4 Bf5 15.
Nxd6 0-1

[Event "Frome Open 2019"]
[Site "Frome ENG"]
[Date "2019.05.18" ]
[Round "3"]
[White "Cutmore, Martin J"]
[WhiteFideId "409022"]
[Black "Fathallah, Joe"]
[BlackFideId "1801899"]
[Result "0-1"]
[WhiteElo "2046"]
[BlackElo "1939"]
[PlyCount "0"]
[EventDate "2019.05.17"]
[SourceDate ""]

1. d4 f5 2. f3 e6 3. Nc3 Bb4 4. Nh3 Nf6 5. Bg5 O-O 6. e3 c5 7. a3 cxd4 8. axb4
dxc3 9. bxc3 Qc7 10. Bxf6 Rxf6 11. Qd2 d5 12. Be2 Nc6 13. O-O Bd7 14. Nf2 Ne5
15. Qd4 a6 16. Ra3 Rc8 17. e4 Rh6 18. h3 Bb5 19. Nd3 Nc4 20. Raa1 dxe4 21. fxe4
Nd2 22. exf5 Nxf1 23. Rxf1 Qxc3 24. Qg4 exf5 25. Qxf5 Rf6 26. Qd5+ Kh8 27. Rxf6
Qxf6 28. Qxb7 Re8 29. Bf3 Bxd3 30. cxd3 Qd4+ 31. Kh2 Qxd3 32. Qc6 Rd8 0-1

[Event "Frome Open 2019"]
[Site "Frome ENG"]
[Date "2019.05.18" ]
[Round "3"]
[White "Miller, George I"]
[WhiteFideId "343114090"]
[Black "de Coverly, Roger D"]
[BlackFideId "405213"]
[Result "1-0"]
[WhiteElo "1815"]
[BlackElo "1977"]
[PlyCount "0"]
[EventDate "2019.05.17"]
[SourceDate ""]

1. e3 Nf6 2. c4 g6 3. b3 Bg7 4. Bb2 d6 5. f4 O-O 6. Nf3 e5 7. fxe5 Ng4 8. Be2
Nc6 9. O-O Ncxe5 10. Nc3 h5 11. Qe1 c6 12. Nd1 Bf5 13. h3 Nh6 14. d4 Nxf3+ 15.
Bxf3 d5 16. cxd5 cxd5 17. Qb4 Qd7 18. Rc1 Rfc8 19. Nc3 Bd3 20. Rfd1 a5 21. Qa4
b5 22. Qa3 Bf8 23. Nxd5 Qe6 24. Rxc8 Qxc8 25. Ne7+ Bxe7 26. Qxe7 Qc2 27. Ba1
Rf8 28. d5 f6 29. d6 Rf7 30. Qe8+ Rf8 31. d7 Nf7 32. Qe6 Rb8 33. Qxf6 Kf8 34.
Be5 Rd8 35. Bd6+ Kg8 36. Qe6 Bf5 37. Qe8+ Kg7 38. Be5+ Nxe5 39. Qxe5+ Kh6 40.
h4 a4 41. bxa4 Qxa4 42. Rd6 Qc2 43. e4 Qc1+ 44. Kh2 Bxd7 45. Qe7 Qf4+ 46. Kg1
Qe3+ 47. Kh1 Qe1+ 48. Kh2 Rh8 49. Qg5+ 1-0

[Event "Frome Open 2019"]
[Site "Frome ENG"]
[Date "2019.05.18" ]
[Round "3"]
[White "Adaway, William"]
[WhiteFideId "446130"]
[Black "Metcalfe, Charlie P"]
[BlackFideId "443883"]
[Result "1/2-1/2"]
[WhiteElo "1864"]
[BlackElo "1751"]
[PlyCount "0"]
[EventDate "2019.05.17"]
[SourceDate ""]

1. e4 e6 2. d4 d5 3. exd5 exd5 4. Nf3 Nf6 5. Bd3 c5 6. O-O c4 7. Be2 Be7 8. b3
cxb3 9. axb3 O-O 10. Ba3 Nc6 11. c4 Bf5 12. c5 Ne4 13. Bb2 b6 14. Bb5 Nb4 15.
cxb6 Qxb6 16. Na3 Bg4 17. Be2 Rac8 18. Ne5 Bxe2 19. Qxe2 Rfd8 1/2-1/2

[Event "Frome Open 2019"]
[Site "Frome ENG"]
[Date "2019.05.18" ]
[Round "3"]
[White "Jackson, Paul G"]
[WhiteFideId "468614"]
[Black "Turner, Joseph D"]
[BlackFideId "1801520"]
[Result "1-0"]
[WhiteElo "1801"]
[BlackElo "1851"]
[PlyCount "0"]
[EventDate "2019.05.17"]
[SourceDate ""]

1. d4 Nf6 2. c4 g6 3. Nc3 Bg7 4. e4 d6 5. f3 O-O 6. Be3 Nbd7 7. Qd2 c5 8. Nge2
a6 9. O-O-O Qa5 10. Kb1 e6 11. g4 b5 12. Ng3 Rb8 13. h4 bxc4 14. h5 cxd4 15.
Bxd4 Ne5 16. Be2 Nc6 17. Be3 Nxg4 18. Rc1 Nxe3 19. Qxe3 Bd4 20. Qd2 Qe5 21. f4
Bxc3 22. Rxc3 Qd4 23. Qxd4 Nxd4 24. Bxc4 Bb7 25. Rd1 e5 26. hxg6 hxg6 27. f5
Kg7 28. fxg6 fxg6 29. Bd5 Bxd5 30. exd5 Rf2 31. b3 Rf3 32. Rc7+ Rf7 33. Rdc1
Nxb3 34. Rxf7+ Kxf7 35. Rc7+ Kf8 36. Kc2 Nd4+ 37. Kd3 Rb6 38. Ne4 Nf5 39. Rc8+
Ke7 40. Rc7+ Kd8 41. Ra7 Kc8 42. Rh7 Kb8 43. Rh8+ Ka7 44. Rg8 Rb4 45. Nc3 Rd4+
46. Ke2 Rg4 47. Kd3 Rg3+ 48. Kd2 Kb6 49. Rb8+ Ka5 50. Rb7 Nd4 51. Ne4 Rg2+ 52.
Kd3 Nb5 53. Rd7 Rxa2 54. Nxd6 Ra3+ 55. Ke4 g5 56. Nc4+ Kb4 57. Nxa3 Nxa3 58. Kxe5
Nc4+ 59. Ke6 a5 60. Rb7+ Kc3 61. Rc7 a4 62. d6 a3 63. d7 Kb3 64. d8=Q a2 65.
Qd3+ Kb2 66. Rb7+ 1-0

[Event "Frome Open 2019"]
[Site "Frome ENG"]
[Date "2019.05.18" ]
[Round "3"]
[White "Jones, Steven A"]
[WhiteFideId "419630"]
[Black "Waterfield, John W"]
[BlackFideId "407143"]
[Result "1-0"]
[WhiteElo "2128"]
[BlackElo "1939"]
[PlyCount "0"]
[EventDate "2019.05.17"]
[SourceDate ""]

1. e4 c5 2. Nf3 d6 3. d4 cxd4 4. Nxd4 Nf6 5. Nc3 a6 6. Be3 Ng4 7. Bg5 h6 8. Bh4
g5 9. Bg3 Bg7 10. h3 Ne5 11. Nf5 Bxf5 12. exf5 Qa5 13. Be2 Nbd7 14. O-O Rc8 15.
Nd5 Nb6 16. Ne3 Nec4 17. Bxc4 Nxc4 18. Nxc4 Rxc4 19. Qe2 Rc6 20. Rad1 Qc7 21.
c3 O-O 22. Rfe1 Bf6 23. f4 Qa5 24. Qg4 Kh7 25. fxg5 Bxg5 26. Qe4 Bf6 27. Bh4
Qb6+ 28. Kh1 Qxb2 29. Bxf6 exf6 30. Qe7 Rg8 31. Re2 Rc7 32. Rxb2 Rxe7 33. Rxd6
Rc8 34. Rxf6 Rxc3 35. Rbb6 Rc1+ 36. Kh2 Rc2 37. Rxh6+ Kg8 38. Rb3 Ree2 39. Rg3+
Kf8 40. a3 b5 41. Rxa6 1-0

[Event "Frome Open 2019"]
[Site "Frome ENG"]
[Date "2019.05.18" ]
[Round "3"]
[White "Payan, Juan Carlos"]
[WhiteFideId "30923964"]
[Black "Ross, Stuart"]
[BlackFideId "427888"]
[Result "1-0"]
[WhiteElo "1863"]
[BlackElo "1599"]
[PlyCount "0"]
[EventDate "2019.05.17"]
[SourceDate ""]

1. e4 c5 2. Nf3 d6 3. d4 cxd4 4. Nxd4 Nf6 5. Nc3 a6 6. Be3 e5 7. Nf3 Be6 8. Ng5
Qe7 9. Nxe6 fxe6 10. a4 Nbd7 11. Be2 Rc8 12. O-O h5 13. f4 Nc5 14. fxe5 dxe5
15. Bg5 Ncd7 16. Kh1 g6 17. Qd2 Qg7 18. Rad1 Be7 19. h3 Rc7 20. Bd3 Ng8 21. Rf3
Bxg5 22. Qxg5 h4 23. Rdf1 Rh7 24. R1f2 Rh5 25. Qc1 Ndf6 26. Qf1 Rf7 27. Bc4 Ke7
28. Qd3 Qf8 29. Rd2 Qc8 30. Qd6+ Ke8 31. Bxe6 Rd7 32. Bxd7+ Qxd7 33. Qb8+ 1-0

[Event "Frome Open 2019"]
[Site "Frome ENG"]
[Date "2019.05.19"]
[Round "4"]
[White "Payne, Matthew J"]
[Black "Arkell, Keith C"]
[Result "0-1"]
[BlackElo "2470"]
[BlackFideId "400270"]
[EventDate "2019.05.17"]
[PlyCount "0"]
[WhiteElo "2189"]
[WhiteFideId "417084"]

1. e4 d5 2. exd5 Qxd5 3. Nc3 Qd6 4. d4 Nf6 5. Nf3 Bg4 6. h3 Bxf3 7. Qxf3 c6 8.
Bf4 Qd8 9. O-O-O e6 10. a3 Nbd7 11. d5 Nxd5 12. Nxd5 cxd5 13. c4 Qf6 14. Qg3
dxc4 15. Kb1 Rc8 16. Bg5 Qg6+ 17. Ka2 Be7 18. h4 h6 19. Be3 Qxg3 20. fxg3 Bc5
21. Bxc4 Bxe3 22. Bb5 Rc6 23. Bxc6 bxc6 24. Rhe1 Bb6 25. Rc1 c5 26. b4 Ke7 27.
b5 Nf6 28. Rc4 Rd8 29. Re2 h5 30. Kb3 Rd3+ 31. Rc3 Rd1 32. a4 Nd5 33. Rf3 Rd4
34. Rc2 Rb4+ 35. Ka3 Re4 36. Kb3 Ne3 37. Ra2 c4+  0-1

[Event "Frome Open 2019"]
[Site "Frome ENG"]
[Date "2019.05.19"]
[Round "4"]
[White "Richmond, Jane"]
[Black "Waddington, Mike P"]
[Result "1-0"]
[BlackElo "2002"]
[BlackFideId "410497"]
[EventDate "2019.05.17"]
[PlyCount "0"]
[WhiteElo "2055"]
[WhiteFideId "1800183"]

1. e4 e5 2. Nf3 f5 3. Nxe5 Qf6 4. d4 d6 5. Nc4 fxe4 6. Ne3 c6 7. c4 Qg6 8. Nc3
Nf6 9. Qc2 Be7 10. g3 Na6 11. a3 Nc7 12. Bg2 Ne6 13. Nxe4 Nxd4 14. Qd3 Nxe4 15.
Bxe4 Qf6 16. f4 Ne6 17. Bxh7 Nc5 18. Qg6+ Kf8 19. Qxf6+ Bxf6 20. Bc2 Bh3 21.
Kf2 Re8 22. Rd1 g5 23. Rxd6 Ke7 24. Rxf6 Kxf6 25. b4 gxf4 26. gxf4 Ne6 27. Bb2+
Ke7 28. Bxh8 Rxh8 29. Kg3 Nd4 30. Re1 Nxc2 31. Nxc2+ Kd7 32. Nd4 b6 33. c5 bxc5
34. bxc5 Rh5 35. Re5 Rh7 36. f5 Bf1 37. h4 Bc4 38. Re1 Bd5 39. Kg4 Rg7+ 40. Kf4
Rg2 41. h5 Rh2 42. Kg5 Rg2+ 43. Kf6 Rh2 44. Re7+ Kc8 45. Rh7 a5 46. h6 a4 47.
Rh8+ Kb7 48. h7 Ka7 49. Ne6  1-0

[Event "Frome Open 2019"]
[Site "Frome ENG"]
[Date "2019.05.19"]
[Round "4"]
[White "Makkar, Rajat"]
[Black "Jaufarally, Nadia"]
[Result "1-0"]
[BlackElo "1945"]
[BlackFideId "443727"]
[EventDate "2019.05.17"]
[PlyCount "0"]
[WhiteElo "2128"]
[WhiteFideId "36016810"]

1. d4 Nf6 2. c4 g6 3. g3 Bg7 4. Bg2 O-O 5. Nc3 d6 6. Nf3 Nc6 7. O-O a6 8. d5 Na5
9. Qd3 c5 10. b3 Bf5 11. Qd2 Ne4 12. Nxe4 Bxa1 13. Nc3 b5 14. cxb5 axb5 15.
Nxb5 Bg7 16. Bb2 Bxb2 17. Qxb2 Qb6 18. a4 Bd7 19. b4 Nc4 20. Qb3 Bxb5 21. bxc5
Qxc5 22. Qxb5 Qxb5 23. axb5 Rab8 24. Nd4 Na3 25. Nc6 Rb7 26. Bh3 Re8 27. Ra1
Nxb5 28. Rb1 e6 29. e4 exd5 30. exd5 Re5 31. Bg2 Rg5 32. h4 Rg4 33. Bf1 Re4 34.
Rxb5 Rxb5 35. Bxb5 Re1+ 36. Kg2 Rb1 37. Be2 Kg7 38. f4 Rb2 39. Kf3 Rb3+ 40. Kf2
Kf6 41. Nd4 Rb2 42. Kf3 h6 43. g4 Rb4 44. g5+ hxg5 45. hxg5+ Kg7 46. Nb5 Rb3+
47. Ke4 Rb4+ 48. Ke3 Rb3+ 49. Bd3 Kf8 50. Nxd6 Ke7 51. Ne4 Rb4 52. Kd2 Rd4 53.
d6+ Kd8 54. Ke3 Ra4 55. Nd2 Ra1 56. Nc4 Re1+ 57. Kf3 Re6 58. Ne5 f6 59. gxf6
Rxf6 60. Bxg6 Kc8 61. d7+ Kc7 62. Be8  1-0

[Event "Frome Open 2019"]
[Site "Frome ENG"]
[Date "2019.05.19"]
[Round "4"]
[White "Garcia, Oscar"]
[Black "Gregory, Andrew M"]
[Result "1/2-1/2"]
[BlackElo "1926"]
[BlackFideId "439665"]
[EventDate "2019.05.17"]
[PlyCount "0"]
[WhiteElo "2077"]
[WhiteFideId "2256380"]

1. e4 e6 2. d4 d5 3. Bd3 dxe4 4. Bxe4 Nf6 5. Bf3 Be7 6. Ne2 O-O 7. O-O Nbd7 8.
Bf4 Nd5 9. Bg3 Bh4 10. c4 N5b6 11. Qb3 Bxg3 12. Nxg3 c6 13. Rd1 Qh4 14. a4 a5
15. Na3 Ra6 16. Rd2 e5 17. c5 Nd5 18. Bxd5 cxd5 19. Qxd5 Rc6 20. Rad1 Qf4 21.
Nb5 exd4 22. Rxd4 Qb8 23. Ne4 Nf6 24. Nxf6+ Rxf6 25. Nd6 h6 26. Qb3 Qc7 27.
Nxc8 Rxc8 28. Qd3 Qxc5  1/2-1/2

[Event "Frome Open 2019"]
[Site "Frome ENG"]
[Date "2019.05.19"]
[Round "4"]
[White "Fathallah, Joe"]
[Black "Miller, George I"]
[Result "0-1"]
[BlackElo "1815"]
[BlackFideId "343114090"]
[EventDate "2019.05.17"]
[PlyCount "0"]
[WhiteElo "1939"]
[WhiteFideId "1801899"]

1. d4 e6 2. c4 f5 3. Nf3 Nf6 4. g3 Be7 5. Bg2 O-O 6. O-O d6 7. Nc3 Ne4 8. Qc2
Nxc3 9. Qxc3 Bf6 10. Rd1 Qe8 11. Bg5 Qh5 12. Bxf6 Rxf6 13. c5 d5 14. Ne5 c6 15.
Qf3 Qxf3 16. Bxf3 Bd7 17. b4 a6 18. e3 Be8 19. Be2 Nd7 20. Nxd7 Bxd7 21. a4
Rff8 22. Rdb1 Ra7 23. Rb2 Rfa8 24. Rab1 Kf7 25. b5 axb5 26. axb5 Kf6 27. bxc6
Bxc6 28. Bb5 Rc8 29. Bxc6 bxc6 30. Rb7 Rc7 31. Rxa7 Rxa7 32. Rb6 Rc7 33. Kf1 e5
34. Ke2 exd4 35. exd4 Kg5 36. Kf3 Kf6 37. h3 g6 38. Ke3 Re7+ 39. Kd3 Rc7 40. f4
g5 41. Ke3 Re7+ 42. Kf3 Re6 43. fxg5+ Kxg5 44. h4+ Kg6 45. Ra6 h6 46. Rb6 Kh5
47. Kf4 Kg6 48. Ra6 Re4+ 49. Kf3 Re6 50. Ra8 Re4 51. Rd8 Rxd4 52. Rd6+ Kg7 53.
h5 Rc4 54. Rg6+ Kh7 55. Rxc6 d4 56. Rc7+ Kg8 57. Rd7 Rxc5 58. Rxd4 Kg7 59. Kf4
Rc7 60. Rd5 Kh7 61. Kxf5 Ra7 62. Re5 Rf7+ 63. Kg4 Rg7+ 64. Kf4 Rf7+ 65. Rf5 Ra7
66. Ke5 Ra5+ 67. Ke6 Ra6+ 68. Ke5 Ra5+ 69. Kf4 Ra7 70. Rd5 Rf7+ 71. Kg4 Rg7+
72. Kh4 Kh8 73. Rd4 Kh7 74. Rg4 Ra7 75. Rg6 Ra4+ 76. g4 Ra3 77. Re6 Ra7 78. Kg3
Ra3+ 79. Kf4 Ra4+ 80. Kf5 Ra5+ 81. Re5 Ra7 82. Kf6 Rg7 83. Re7 Kh8 84. g5 Rxe7 
0-1

[Event "Frome Open 2019"]
[Site "Frome ENG"]
[Date "2019.05.19"]
[Round "4"]
[White "Whitehead, Mark A"]
[Black "Jones, Mark A"]
[Result "1-0"]
[BlackElo "2118"]
[BlackFideId "418714"]
[EventDate "2019.05.17"]
[PlyCount "0"]
[WhiteElo "1873"]
[WhiteFideId "406716"]

1. e4 Nf6 2. e5 Nd5 3. d4 d6 4. c4 Nb6 5. exd6 cxd6 6. Nc3 g6 7. a4 a5 8. c5
dxc5 9. Bb5+ N6d7 10. Bf4 Bg7 11. Nd5 Na6 12. Bxa6 Rxa6 13. Bc7  1-0

[Event "Frome Open 2019"]
[Site "Frome ENG"]
[Date "2019.05.19"]
[Round "4"]
[White "Headlong, Timothy"]
[Black "Brown, Geoffrey M"]
[Result "1/2-1/2"]
[BlackElo "1834"]
[BlackFideId "446416"]
[EventDate "2019.05.17"]
[PlyCount "0"]
[WhiteElo "2135"]
[WhiteFideId "404098"]

1. Nf3 d5 2. c4 c6 3. d4 e6 4. Qc2 f5 5. g3 Nf6 6. Bg2 Bd6 7. O-O O-O 8. Bf4 Be7
9. Bg5 h6 10. Bxf6 Bxf6 11. e3 Qd6 12. Nbd2 a5 13. Rfc1 Bd7 14. Qc3 Be8 15. Ne5
Bh5 16. f4 a4 17. Bf1 Nd7 18. b4 axb3 19. c5 Qc7 20. axb3 Be7 21. b4 Nf6 22.
Rxa8 Rxa8 23. Ra1 Qb8 24. Ra3 Ne4 25. Nxe4 fxe4 26. Bh3 Bf7 27. Qa1 Rxa3 28.
Qxa3 Bd8 29. Qa4  1/2-1/2

[Event "Frome Open 2019"]
[Site "Frome ENG"]
[Date "2019.05.19"]
[Round "4"]
[White "Bourne, Johnathan D"]
[Black "Jones, Steven A"]
[Result "1/2-1/2"]
[BlackElo "2128"]
[BlackFideId "419630"]
[EventDate "2019.05.17"]
[PlyCount "0"]
[WhiteElo "1918"]
[WhiteFideId "413232"]

1. e4 c5 2. Nc3 g6 3. f4 Nc6 4. Nf3 d6 5. Bc4 Bg7 6. O-O e6 7. d3 Nge7 8. Qe1
O-O 9. Bb3 Nd4 10. Nxd4 cxd4 11. Ne2 a5 12. a4 d5 13. e5 Nc6 14. Kh1 f6 15.
exf6 Bxf6 16. f5 exf5 17. Nf4 Nb4 18. Bd2 Re8 19. Qf2 Be6 20. Rae1 Bf7 21.
Rxe8+ Qxe8 22. Bxb4 axb4 23. Nxd5 Bxd5 24. Bxd5+ Kg7 25. b3 Qd7 26. Qf3 Rb8 27.
Re1 Re8 28. Rxe8 Qxe8 29. g3 b6 30. Kg2 Qe1 31. Qf2 Qe5 32. Bf3 Bg5 33. Qe2 Be3
34. Qe1 Qc5 35. Qe2 h5 36. h3 Qc3 37. Qd1 Kh6 38. Bd5 f4 39. Bc4 fxg3 40. Kxg3
g5 41. Kf3 Kg6 42. Ke4 Qd2 43. Qxd2 Bxd2 44. Be6 Kf6 45. Bc8 Ke7 46. Kxd4 
1/2-1/2

[Event "Frome Open 2019"]
[Site "Frome ENG"]
[Date "2019.05.19"]
[Round "4"]
[White "Duggan, Michael FG"]
[Black "Jackson, Paul G"]
[Result "1-0"]
[BlackElo "1801"]
[BlackFideId "468614"]
[EventDate "2019.05.17"]
[PlyCount "0"]
[WhiteElo "2026"]
[WhiteFideId "406600"]

1. d4 e6 2. Nc3 d5 3. Bf4 Bd6 4. Qd2 Bd7 5. e4 Bxf4 6. Qxf4 dxe4 7. Nxe4 Bc6 8.
Nf3 Nd7 9. c4 Ngf6 10. Nc3 O-O 11. O-O-O Bxf3 12. Qxf3 c6 13. g4 Qa5 14. h4 Nb6
15. g5 Nfd7 16. Bd3 Na4 17. Nxa4 Qxa4 18. Qe4 g6 19. h5 Rfe8 20. hxg6 hxg6 21.
Rh6 Kf8 22. Rh7 Ke7 23. Qxg6 Rf8 24. Re1 Kd8 25. Rxf7 Qxa2 26. Qxe6 Rxf7 27.
Qxf7 Kc7 28. Re7 Rd8 29. g6 Qa1+ 30. Bb1 Qa5 31. Re5 Qb6 32. c5 Qb4 33. Qf4
Qc4+ 34. Kd1 Kc8 35. Re7 Qb3+ 36. Ke1 Qxb2 37. Bf5 Qa1+ 38. Ke2 Qa2+ 39. Kf1
Qd5 40. g7 Qh1+ 41. Ke2 Qh5+ 42. Qg4 Qxg4+ 43. Bxg4  1-0

[Event "Frome Open 2019"]
[Site "Frome ENG"]
[Date "2019.05.19"]
[Round "4"]
[White "Metcalfe, Charlie P"]
[Black "Anderson, Peter W"]
[Result "0-1"]
[BlackElo "1968"]
[BlackFideId "420107"]
[EventDate "2019.05.17"]
[PlyCount "0"]
[WhiteElo "1751"]
[WhiteFideId "443883"]

1. d4 g6 2. Nf3 Bg7 3. c4 d6 4. Nc3 e5 5. dxe5 dxe5 6. Qxd8+ Kxd8 7. g3 c6 8.
Bg2 f6 9. b4 Be6 10. b5 Bxc4 11. bxc6 Nxc6 12. Rb1 Ba6 13. O-O Bf8 14. Rd1+ Ke8
15. Nd5 Rc8 16. Bh3 f5 17. Bf1 h6 18. Bb2 Bg7 19. Nf4 Kf7 20. Rd7+ Nge7 21. Nd5
Ke6 22. Nxe7 Kxd7 23. Nxc8 Rxc8 24. Nh4 Ne7 25. Rd1+ Ke8 26. Ba3 Rc6 27. Rd6
Bc4 28. e3 Rxd6 29. Bxd6 Bxa2 30. Bxe7 Kxe7 31. Nxg6+ Ke6 32. Nh4 a5 33. Bd3 e4
34. Bb5 Bb3 35. Ng6 a4 36. Nf4+ Kd6 37. Ne2 Bb2 38. g4 a3 39. gxf5 a2 40. h4
a1=Q+ 41. Kg2 Bd1 42. Ng3 Bf3+ 43. Kh3 Qg1 44. Bf1 Be5 45. f6 Bxg3  0-1

[Event "Frome Open 2019"]
[Site "Frome ENG"]
[Date "2019.05.19"]
[Round "4"]
[White "Adaway, William"]
[Black "Cutmore, Martin J"]
[Result "1/2-1/2"]
[BlackElo "2046"]
[BlackFideId "409022"]
[EventDate "2019.05.17"]
[PlyCount "0"]
[WhiteElo "1864"]
[WhiteFideId "446130"]

1. e4 c5 2. Nf3 e6 3. c3 Nf6 4. d3 d6 5. Be2 Nc6 6. Qc2 Be7 7. O-O O-O 8. a3 Bd7
9. b4 Ng4 10. bxc5 dxc5 11. h3 Nge5 12. Nxe5 Nxe5 13. f4 Ng6 14. Be3 Bc6 15.
Nd2 b6 16. g3 Qc7 17. Bf3 Rad8 18. e5 Rd7 19. Bxc6 Qxc6 20. Ne4 Rfd8 21. Rfd1
Bf8 22. Qb2 Qa4 23. Qe2 Qc6  1/2-1/2

[Event "Frome Open 2019"]
[Site "Frome ENG"]
[Date "2019.05.19"]
[Round "4"]
[White "de Coverly, Roger D"]
[Black "Hollands, George E"]
[Result "1-0"]
[BlackElo "1830"]
[BlackFideId "431273"]
[EventDate "2019.05.17"]
[PlyCount "0"]
[WhiteElo "1977"]
[WhiteFideId "405213"]

1. e4 e6 2. d3 d5 3. Qe2 c5 4. Nf3 Nc6 5. g3 Nf6 6. Bg2 Be7 7. e5 Nd7 8. c4 Nb6
9. O-O dxc4 10. dxc4 Nd4 11. Nxd4 Qxd4 12. Nd2 h5 13. h4 Nd7 14. Nf3 Qg4 15.
Qc2 Nb6 16. b3 Rb8 17. Bb2 Bd7 18. Nh2 Qg6 19. Qxg6 fxg6 20. Rad1 Nc8 21. Be4
g5 22. Bg6+ Kd8 23. hxg5 Bxg5 24. f4 Ne7 25. Bf7  1-0

[Event "Frome Open 2019"]
[Site "Frome ENG"]
[Date "2019.05.19"]
[Round "4"]
[White "Payan, Juan Carlos"]
[Black "Littleton, Mark"]
[Result "1-0"]
[BlackElo "1940"]
[BlackFideId "431214"]
[EventDate "2019.05.17"]
[PlyCount "0"]
[WhiteElo "1863"]
[WhiteFideId "30923964"]

1. Nf3 Nf6 2. g3 e6 3. Bg2 d5 4. O-O Be7 5. c4 O-O 6. d4 Nbd7 7. cxd5 exd5 8.
Nc3 c6 9. Qc2 Re8 10. Bf4 Nb6 11. Rfe1 Nc4 12. Ne5 Nxe5 13. Bxe5 Be6 14. Rad1
Bd6 15. Bxd6 Qxd6 16. a3 g6 17. e4 dxe4 18. Nxe4 Nxe4 19. Bxe4 Bd5 20. f3 Rad8
21. Kg2 Kg7 22. Qc3 Re7 23. Rd3 Rde8 24. Rde3 Re6 25. b4 Qe7 26. Kf2 Qd7 27.
R1e2 Rd8 28. Qc5 b6 29. Qc3 Rd6 30. Kg2 Bxe4 31. Rxe4 Rf6 32. R2e3 Qd5 33. Re7
Rd7 34. Rxd7 Qxd7 35. Re4 h5 36. Re5 Qd6 37. a4 a6 38. a5 b5 39. f4 h4 40. Qc5
Qxc5 41. dxc5 hxg3 42. hxg3 Re6 43. Rxe6 fxe6 44. Kf3 Kf6 45. Ke4  1-0

[Event "Frome Open 2019"]
[Site "Frome ENG"]
[Date "2019.05.19"]
[Round "4"]
[White "Ross, Stuart"]
[Black "Turner, Joseph D"]
[Result "0-1"]
[BlackElo "1851"]
[BlackFideId "1801520"]
[EventDate "2019.05.17"]
[PlyCount "0"]
[WhiteElo "1599"]
[WhiteFideId "427888"]

1. e4 e5 2. Nf3 Nc6 3. Bb5 Bc5 4. c3 Nf6 5. d4 Bb6 6. O-O Nxe4 7. dxe5 O-O 8.
Nbd2 d5 9. exd6 Nxd6 10. Bxc6 bxc6 11. Ne5 Ba6 12. Re1 Qh4 13. g3 Qh3 14. Qg4
Qxg4 15. Nxg4 Rae8 16. Nf3 Rxe1+ 17. Nxe1 h5 18. Ne3 f5 19. N3g2 Re8 20. Be3
Nc4 21. Bxb6 axb6 22. b3 Nd2 23. Ne3 g5 24. Nxf5 Rxe1+ 25. Rxe1 Nf3+ 26. Kh1
Nxe1 27. Ne7+ Kf7 28. Nf5 Kf6 29. Nd4 c5  0-1

[Event "Frome Open 2019"]
[EventDate "?"]
[Site "Frome ENG"]
[Date "2019.05.19"]
[Round "5"]
[White "Arkell, Keith C"]
[Black "Richmond, Jane"]
[Result "1-0"]
[WhiteElo "2470"]
[BlackElo "2055"]

 1. d4 Nf6 2. Nf3 e6 3. c4 c5 4. d5 b5 5. Bg5 h6 6. Bxf6 Qxf6 7. Nc3 b4 8. Nb5 Kd8
 9. Qa4 exd5 10. cxd5 Qa6 11. Qxa6 Bxa6 12. e4 d6 13. a3 Bxb5 14. Bxb5 bxa3 15. Rxa3 Be7 16. Nd2 Kc7
 17. Ke2 Rd8 18. Rha1 Kb7 19. Rb3 Kc7 20. Nc4 a6 21. Rba3 Kb7 22. f4 Bf8 23. Ba4 Ra7 24. Kd3 Kc7
 25. Bb5 Kb7 26. Kc2 Ra8 27. Ba4 Ra7 28. Kd3 Kc7 29. Bb5 Kb7 30. Kc2 Ra8 31. Ba4 Ra7 32. g4 Kc7
 33. Bb5 Kb7 34. h4 Ra8 35. Ba4 Ra7 36. h5 Kc7 37. Bb5 Kb7 38. Kd1 Ra8 39. Ba4 Kc7 40. Kd2 Ra7
 41. Bb5 Kb7 42. Kc2 Ra8 43. Ba4 Kc7 44. g5 Ra7 45. gxh6 gxh6 46. Rg3 Rb7 47. Rg8 Rb4 48. b3 Kc8
 49. e5 dxe5 50. fxe5 Rb7 51. Rf1 Be7 52. Rxd8+ 1-0

[Event "Frome Open 2019"]
[EventDate "2019.05.17"]
[Site "Frome ENG"]
[Date "2019.05.19"]
[Round "5"]
[White "Miller, George I"]
[Black "Whitehead, Mark A"]
[Result "1/2-1/2"]
[WhiteElo "1815"]
[BlackElo "1873"]

 1. Nf3 Nf6 2. c4 c5 3. b3 g6 4. Bb2 Bg7 5. g3 Nc6 6. Bg2 d6 7. O-O O-O 8. d3 Bd7
 9. a3 Rc8 10. Nbd2 a6 11. Qc2 Qc7 12. Rac1 Rfd8 13. Qb1 Qb8 14. Qa1 Ne8 1/2-1/2

[Event "Frome Open 2019"]
[EventDate "2019.05.17"]
[Site "Frome ENG"]
[Date "2019.05.19"]
[Round "5"]
[White "Waddington, Mike P"]
[Black "Makkar, Rajat"]
[Result "1/2-1/2"]
[WhiteElo "2002"]
[BlackElo "2128"]

 1. Nc3 d5 2. e4 d4 3. Nce2 e5 4. Ng3 Be6 5. Nf3 f6 6. Be2 Qd7 7. O-O Nc6 8. Bb5 a6
 9. Ba4 h5 10. Nh4 Nge7 11. d3 g5 12. Nxh5 Rxh5 13. Qxh5+ Bf7 14. Qh8 gxh4 15. Qxf6 h3 16. g3 Qg4
 17. f3 Qh5 18. Qg5 Qxg5 19. Bxg5 b5 20. Bb3 Bxb3 21. axb3 Nb4 22. Rf2 Rb8 23. Kf1 Rb6 24. Ke1 Rc6
 25. Kd1 Kf7 26. Bc1 Kg8 27. Ra5 Nc8 28. Ra1 Nd6 29. Re2 Nf7 30. Rf2 Bh6 31. Bxh6 Nxh6 32. Rc1 Kg7
 33. Kd2 Kg6 34. c3 Na2 35. Rc2 Rf6 36. Ke2 Rc6 37. Kd2 Rf6 38. Ke2 1/2-1/2